000 01471pam a2200385 a 4500
001 2523606
003 OSt
005 20140310184522.0
008 930506s1994 nyua j b 001 0 eng
010 _a 93022691
020 _a0590458094 :
_c$13.95 (higher in Canada)
040 _aDLC
_cDLC
_dDLC
042 _alcac
043 _an-us---
050 0 0 _aGV 875.A1
_b.M35 1998
100 1 _aMcKissack, Pat,
_d1944-
_926327
245 1 0 _aBlack diamond :
_bthe story of the Negro baseball leagues /
_cPatricia C. McKissack and Fredrick McKissack, Jr.
260 _aNew York :
_bScholastic,
_c1994.
300 _a184 p. :
_bill. ;
_c22 cm.
504 _aIncludes bibliographical references (p. 178) and index.
520 _aTraces the history of baseball in the Negro Leagues and its great heroes, including Monte Irwin, Buck Leonard, and Cool Papa Bell.
521 _aG12
526 _c1100
650 0 _aNegro leagues
_xHistory
_vJuvenile literature.
_926328
650 0 _aBaseball
_zUnited States
_xHistory
_vJuvenile literature.
_926329
650 1 _aNegro leagues
_xHistory.
_926330
650 1 _aBaseball
_xHistory.
_926331
650 1 _aAfrican Americans
_vBiography.
_926332
700 1 _aMcKissack, Fredrick,
_cJr.
_926333
906 _a7
_bcbc
_corignew
_d1
_eocip
_f19
_gy-gencatlg
942 _2lcc
_cBK-SCHOLAS
999 _c35044
_d35044